Normal view
MARC view
- Revathi N
Entry Personal Name
001 - CONTROL NUMBER
- control field: 7191
003 - CONTROL NUMBER IDENTIFIER
- control field: OSt
005 - DATE AND TIME OF LATEST TRANSACTION
- control field: 20250220142949.0
008 - FIXED-LENGTH DATA ELEMENTS
- fixed length control field: 250220|| aca||aabn | a|a d
040 ## - CATALOGING SOURCE
- Original cataloging agency: OSt
- Transcribing agency: OSt
100 ## - HEADING--PERSONAL NAME
- Personal name: Revathi N
670 ## - SOURCE DATA FOUND
- Source citation: Work cat.: (OSt)19420: Revathi N, Impact of soil and water conservation measures on LULC and groundwater in Olanthichira watershed, Malappuram /, 2025
